[Event "DEN-ch G7 Gr1"]
[Site "Svendborg"]
[Date "2023.04.05"]
[Round "6"]
[White "Larsen, Ulrik"]
[Black "Christensen, John Christoffer H"]
[Result "1-0"]
[WhiteElo "2028"]
[BlackElo "1924"]
[PlyCount "83"]
[EventDate "2023.04.05"]
[EventType "swiss"]
[EventRounds "7"]
[EventCountry "DEN"]
[SourceTitle "CBM 213 Extra"]
[Source "ChessBase"]
[SourceDate "2023.05.31"]
[SourceVersion "1"]
[SourceVersionDate "2023.05.31"]
[SourceQuality "1"]

1. e4 c5 2. d4 cxd4 3. c3 g6 4. cxd4 d5 5. e5 Nc6 6. Nc3 Nh6 7. Nf3 Bg4 8. Be2 Nf5 9. 0-0 Bg7 10. Re1 0-0 11. Ng5 Bxe2 12. Nxe2 e6 13. Nf3 Rc8 14. Bg5 Qb6 15. g4 Nfe7 16. Qd2 Rc7 17. Rac1 a5 18. Ng3 Rfc8 19. Bf6 Qb4 20. Qf4 Bf8 21. Rcd1 Nd8 22. Nh5 Qxb2 23. Bxe7 Rxe7 24. Nf6+ Kh8 25. Ng5 h6 26. Ngh7 Bg7 27. g5 h5 28. Qh4 Qc2 29. Nxh5 gxh5 30. Nf6 Bxf6 31. gxf6 Qg6+ 32. Kh1 Rec7 33. f3 Rc2 34. Rg1 Qf5 35. Qg3 Qh7 36. Qf4 h4 37. Rg7 Qh5 38. Rdg1 Nc6 39. R1g4 Nxd4 40. Rxh4 Rc1+ 41. Kg2 Rg1+ 42. Kh3 1-0

[Event "Helsingor Xtracon op"]
[Site "Helsingor"]
[Date "2019.07.21"]
[Round "2"]
[White "Larsen, Ulrik"]
[Black "Sorensen, Bernhard"]
[Result "1-0"]
[WhiteElo "2039"]
[BlackElo "1567"]
[PlyCount "101"]
[EventDate "2019.07.20"]
[EventType "swiss"]
[EventRounds "10"]
[EventCountry "DEN"]
[SourceTitle "CBM 191 Extra"]
[Source "ChessBase"]
[SourceDate "2019.09.30"]
[SourceVersion "1"]
[SourceVersionDate "2019.09.30"]
[SourceQuality "1"]

1. e4 g6 2. d4 Bg7 3. Nc3 d6 4. f4 a6 5. Nf3 b5 6. Bd3 Nd7 7. e5 e6 8. 0-0 Bb7 9. Qe1 Ne7 10. f5 dxe5 11. fxe6 fxe6 12. Ng5 Nf8 13. Rxf8+ Bxf8 14. Qxe5 Rg8 15. Nxe6 Qd7 16. Nxc7+ Kd8 17. Nxa8 Bxa8 18. Bg5 Kc8 19. Re1 Qg4 20. Be4 Bg7 21. Qc5+ Nc6 22. Rd1 Qxd1+ 23. Nxd1 Bxd4+ 24. Qxd4 Nxd4 25. Bxa8 Nxc2 26. Nc3 Nd4 27. Bf6 Nf5 28. Nd5 Kd7 29. Bb7 Kd6 30. Nc3 Rf8 31. Bxa6 b4 32. Ne4+ Kd5 33. Bb7+ Kc4 34. b3+ Kd3 35. Nc5+ Kd2 36. Bg5+ Ne3 37. Ne4+ Kd3 38. Nf2+ Kd2 39. Be7 Rf4 40. g3 Rd4 41. Bc5 Rd7 42. Bxb4+ Kc1 43. Be4 Kb2 44. Bc5 Nf5 45. a4 Kxb3 46. a5 Nd6 47. Bd5+ Kc3 48. Bxd6 Rxd6 49. Ne4+ Kd4 50. Nxd6 Kxd5 51. a6 1-0

[Event "Helsingor Xtracon op"]
[Site "Helsingor"]
[Date "2018.07.22"]
[Round "2"]
[White "Buchenau, Frank"]
[Black "Larsen, Ulrik"]
[Result "1-0"]
[WhiteElo "2275"]
[BlackElo "2011"]
[PlyCount "45"]
[EventDate "2018.07.21"]
[EventType "swiss"]
[EventRounds "10"]
[EventCountry "DEN"]
[SourceTitle "CBM 185 Extra"]
[Source "ChessBase"]
[SourceDate "2018.07.29"]
[SourceVersion "1"]
[SourceVersionDate "2018.07.29"]
[SourceQuality "1"]

1. e4 e5 2. Bc4 Nf6 3. d3 Nc6 4. Nf3 h6 5. 0-0 d6 6. Re1 Na5 7. Bd5 c6 8. Bxf7+ Kxf7 9. b4 Be7 10. Bd2 Rf8 11. bxa5 Kg8 12. Bc3 Bg4 13. Nbd2 Nh5 14. h3 Bxf3 15. Nxf3 Nf4 16. Kh2 Qd7 17. d4 Qe6 18. Re3 Qg6 19. g3 exd4 20. Nxd4 Ne6 21. Nf5 Bg5 22. h4 Rxf5 23. exf5 1-0

[Event "Bronshoj Lang Weekend"]
[Site "Copenhagen"]
[Date "2018.02.15"]
[Round "1"]
[White "Nilssen, John Arni"]
[Black "Larsen, Ulrik"]
[Result "1-0"]
[WhiteElo "2304"]
[BlackElo "1998"]
[PlyCount "77"]
[EventDate "2018.02.15"]
[EventType "swiss"]
[EventRounds "7"]
[EventCountry "DEN"]
[SourceTitle "CBM 183 Extra"]
[Source "ChessBase"]
[SourceDate "2018.04.19"]
[SourceVersion "1"]
[SourceVersionDate "2018.04.19"]
[SourceQuality "1"]

1. d4 Nf6 2. c4 g6 3. Nc3 Bg7 4. e4 d6 5. Be2 0-0 6. Bg5 h6 7. Be3 Na6 8. Qd2 Kh7 9. f3 c5 10. d5 e6 11. dxe6 Bxe6 12. Rd1 Qa5 13. a3 Nc7 14. Qxd6 Nd7 15. Bd2 Ne8 16. Qg3 Ne5 17. Nd5 Qa4 18. f4 Nc6 19. e5 Nd4 20. Bd3 Rd8 21. Ne2 Bxd5 22. cxd5 Nxe2 23. Bxe2 Rxd5 24. 0-0 Nc7 25. Bc3 Rfd8 26. Rde1 Ne6 27. f5 Ng5 28. fxg6+ fxg6 29. Rf4 Qc6 30. h4 Ne6 31. Rg4 Nd4 32. Bc4 Nf5 33. Bxd5 Qxd5 34. Qf3 Qe6 35. Rf4 c4 36. h5 Rd3 37. hxg6+ Qxg6 38. Qe4 Rg3 39. Rxf5 1-0

[Event "Oslo op"]
[Site "Fornebu"]
[Date "2017.09.30"]
[Round "2"]
[White "Tryggestad, Andreas Garberg"]
[Black "Larsen, Ulrik"]
[Result "1-0"]
[WhiteElo "2302"]
[BlackElo "1975"]
[PlyCount "65"]
[EventDate "2017.09.29"]
[EventType "swiss"]
[EventRounds "10"]
[EventCountry "NOR"]
[SourceTitle "CBM 181 Extra"]
[Source "ChessBase"]
[SourceDate "2017.12.12"]
[SourceVersion "1"]
[SourceVersionDate "2017.12.12"]
[SourceQuality "1"]

1. Nf3 Nf6 2. g3 g6 3. b3 Bg7 4. Bb2 0-0 5. Bg2 d6 6. 0-0 e5 7. d3 Nc6 8. c4 Bd7 9. Nbd2 Ne8 10. a3 a5 11. Qc2 f5 12. Bc3 Nd4 13. Nxd4 exd4 14. Bb2 Bc6 15. Nf3 Bxf3 16. Bxf3 c5 17. Bxb7 Rb8 18. Bd5+ Kh8 19. Bc1 Nc7 20. Bd2 Nxd5 21. cxd5 f4 22. Rab1 Qg5 23. Bxa5 Qxd5 24. Bd2 Qg5 25. b4 Rbe8 26. Qc1 Rxe2 27. Bxf4 Qd5 28. b5 Qf3 29. b6 Be5 30. Bxe5+ dxe5 31. Qxc5 Rf7 32. b7 Rxf2 33. Qxe5+ 1-0

[Event "Helsingor Xtracon op"]
[Site "Helsingor"]
[Date "2017.07.23"]
[Round "3"]
[White "Larsen, Ulrik"]
[Black "Lindgaard, Tobias Simon"]
[Result "1-0"]
[WhiteElo "1971"]
[BlackElo "1705"]
[PlyCount "93"]
[EventDate "2017.07.22"]
[EventType "swiss"]
[EventRounds "10"]
[EventCountry "DEN"]
[SourceTitle "CBM 179 Extra"]
[Source "ChessBase"]
[SourceDate "2017.08.23"]
[SourceVersion "1"]
[SourceVersionDate "2017.08.23"]
[SourceQuality "1"]

1. e4 e6 2. d4 d5 3. Nd2 dxe4 4. Nxe4 Nd7 5. Nf3 Ngf6 6. Nxf6+ Nxf6 7. Bd3 Be7 8. Bg5 h6 9. Bh4 g5 10. Bg3 b6 11. Qe2 Bb7 12. 0-0-0 Nd5 13. Ne5 Nf6 14. Bb5+ Kf8 15. h4 Ne4 16. Nc6 Nxg3 17. fxg3 Qd6 18. Ne5 Kg7 19. Qh5 Rhf8 20. Rdf1 Bf6 21. hxg5 Bxg5+ 22. Kb1 Qe7 23. Rxf7+ Qxf7 24. Nxf7 Rxf7 25. Bd3 Rf6 26. Qe2 Raf8 27. a3 R8f7 28. Re1 Bd5 29. c4 Rf2 30. Qh5 Bxg2 31. Rxe6 R2f6 32. Rxf6 Rxf6 33. Qe2 Bf3 34. Qe7+ Rf7 35. Qe5+ Kg8 36. Be4 Bxe4+ 37. Qxe4 Rf1+ 38. Ka2 Rf7 39. Qe8+ Kg7 40. Qe4 Re7 41. Qg4 Kh7 42. b4 Kg7 43. d5 Kf7 44. c5 Ke8 45. Qc8+ Kf7 46. d6 cxd6 47. cxd6 1-0

[Event "Copenhagen Challenge"]
[Site "Ballerup"]
[Date "2017.05.10"]
[Round "1"]
[White "Larsen, Ulrik"]
[Black "Nikolovski, Nikola"]
[Result "0-1"]
[WhiteElo "1938"]
[BlackElo "2366"]
[PlyCount "110"]
[EventDate "2017.05.10"]
[EventType "swiss"]
[EventRounds "9"]
[EventCountry "DEN"]
[SourceTitle "CBM 178 Extra"]
[Source "ChessBase"]
[SourceDate "2017.06.22"]
[SourceVersion "1"]
[SourceVersionDate "2017.06.22"]
[SourceQuality "1"]

1. e4 c5 2. Nf3 d6 3. d4 cxd4 4. Nxd4 Nf6 5. Nc3 g6 6. Be3 Bg7 7. f3 Nc6 8. Bc4 0-0 9. Qd2 Bd7 10. 0-0-0 Rc8 11. Bb3 Ne5 12. Kb1 Nc4 13. Bxc4 Rxc4 14. g4 b5 15. h4 b4 16. Nce2 h5 17. gxh5 Nxh5 18. Rdg1 e5 19. Nb3 Qf6 20. Ng3 Nf4 21. h5 Rfc8 22. hxg6 fxg6 23. Rc1 d5 24. Na5 R4c7 25. Ne2 Qa6 26. Nxf4 exf4 27. Bd4 Be6 28. Bxg7 Rxg7 29. exd5 Bf5 30. Nc6 Qc4 31. Qxb4 Qxb4 32. Nxb4 Rc5 33. d6 Rd7 34. Rcd1 Rc4 35. Nd3 Rxd6 36. Rhe1 Rc7 37. Nb4 Rxd1+ 38. Rxd1 a5 39. Nd3 Kg7 40. Re1 Kf6 41. b3 g5 42. Re2 Rc3 43. Rd2 Rc7 44. Kb2 Re7 45. Nc5 Re3 46. Rf2 Bg6 47. Nb7 Bh5 48. Nxa5 Rxf3 49. Rh2 Bg6 50. c4 g4 51. c5 g3 52. Rh1 Rf2+ 53. Ka3 g2 54. Rg1 f3 55. Nc4 Rf1 0-1

[Event "Oslo op"]
[Site "Fornebu"]
[Date "2016.09.30"]
[Round "1"]
[White "Larsen, Ulrik"]
[Black "Wright, Haakon"]
[Result "0-1"]
[WhiteElo "1985"]
[BlackElo "1457"]
[PlyCount "56"]
[EventDate "2016.09.30"]
[EventType "swiss"]
[EventRounds "9"]
[EventCountry "NOR"]
[SourceTitle "EXT 2017"]
[Source "ChessBase"]
[SourceDate "2016.10.25"]
[SourceVersion "1"]
[SourceVersionDate "2016.10.25"]
[SourceQuality "1"]

1. e4 c5 2. Nf3 Nc6 3. d4 cxd4 4. c3 dxc3 5. Nxc3 e6 6. Bc4 Bb4 7. 0-0 Nge7 8. Bg5 0-0 9. Rc1 a6 10. Qe2 Bxc3 11. Rxc3 d5 12. Rd1 f6 13. exd5 Nxd5 14. Bxd5 exd5 15. Bf4 Bf5 16. Nh4 Qd7 17. Rg3 Rfe8 18. Qd2 d4 19. Bh6 Re7 20. Qf4 Bc2 21. Rf1 Rf8 22. Qd2 d3 23. Be3 Re4 24. Nf3 Ne5 25. Rc1 Nc4 26. Qc3 Nxe3 27. fxe3 Rxe3 28. Rxc2 dxc2 0-1

[Event "Helsingor Xtracon op"]
[Site "Helsingor"]
[Date "2016.07.27"]
[Round "6"]
[White "Andberg, Tor Arne Heim"]
[Black "Larsen, Ulrik"]
[Result "1/2-1/2"]
[WhiteElo "1727"]
[BlackElo "1983"]
[PlyCount "53"]
[EventDate "2016.07.23"]
[EventType "swiss"]
[EventRounds "10"]
[EventCountry "DEN"]
[SourceTitle "CBM 173 Extra"]
[Source "ChessBase"]
[SourceDate "2016.08.29"]
[SourceVersion "1"]
[SourceVersionDate "2016.08.29"]
[SourceQuality "1"]

1. e4 e5 2. Nf3 Nc6 3. Bb5 a6 4. Ba4 Nf6 5. 0-0 b5 6. Bb3 Bc5 7. d3 d6 8. a4 Rb8 9. h3 0-0 10. Nc3 b4 11. Nd5 Nxd5 12. Bxd5 Ne7 13. Bb3 Ng6 14. c3 bxc3 15. bxc3 Nh4 16. Bd5 Bd7 17. Ng5 h6 18. Nxf7 Rxf7 19. Qh5 Be8 20. g3 Qf6 21. Bxf7+ Bxf7 22. Qxh4 g5 23. Qg4 Be6 24. Qh5 d5 25. h4 Bf7 26. hxg5 Qxf2+ 27. Rxf2 1/2-1/2

[Event "Helsingor Xtracon op"]
[Site "Helsingor"]
[Date "2016.07.26"]
[Round "5"]
[White "Larsen, Ulrik"]
[Black "Gula, Julian"]
[Result "1/2-1/2"]
[WhiteElo "1983"]
[BlackElo "1801"]
[PlyCount "113"]
[EventDate "2016.07.23"]
[EventType "swiss"]
[EventRounds "10"]
[EventCountry "DEN"]
[SourceTitle "CBM 173 Extra"]
[Source "ChessBase"]
[SourceDate "2016.08.29"]
[SourceVersion "1"]
[SourceVersionDate "2016.08.29"]
[SourceQuality "1"]

1. e4 e5 2. Nf3 Nc6 3. Bc4 Nf6 4. d3 Be7 5. 0-0 0-0 6. Nbd2 d6 7. c3 Na5 8. Bb5 a6 9. Ba4 c5 10. h3 b5 11. Bc2 Qc7 12. Re1 Nc6 13. Nf1 d5 14. Ng3 Rd8 15. Qe2 d4 16. Nh4 g6 17. Rf1 c4 18. f4 cxd3 19. Bxd3 dxc3 20. bxc3 Ng4 21. hxg4 Bxh4 22. Qf3 Qd7 23. Be2 Qxg4 24. Qxg4 Bxg4 25. Bxg4 Bxg3 26. f5 Ne7 27. Bg5 Ra7 28. Rf3 Bf4 29. Bh4 g5 30. Bf2 Rad7 31. Rh3 Rd3 32. a4 Rxh3 33. gxh3 bxa4 34. Rxa4 Bd2 35. Bc5 Nc8 36. f6 Nd6 37. Bb6 Rb8 38. Rxa6 Nxe4 39. Bc7 Re8 40. Bxe5 Bxc3 41. Bxc3 Nxc3 42. Rd6 Ne4 43. Rc6 Rd8 44. Bf5 Ng3 45. Bd3 Nh5 46. Bc2 Nf4 47. Kh2 Ne6 48. Be4 h6 49. Kg3 Kf8 50. Rc4 Rd6 51. Rc8+ Rd8 52. Rxd8+ Nxd8 53. Kg4 Ne6 54. Kh5 Nf4+ 55. Kxh6 Nxh3 56. Bf5 Nf4 57. Kxg5 1/2-1/2

[Event "DEN-ch G7-1"]
[Site "Svendborg"]
[Date "2016.03.22"]
[Round "1"]
[White "Larsen, Ulrik"]
[Black "Rossen, Claus"]
[Result "0-1"]
[WhiteElo "2019"]
[BlackElo "2180"]
[PlyCount "72"]
[EventDate "2016.03.22"]
[EventType "swiss"]
[EventRounds "7"]
[EventCountry "DEN"]
[SourceTitle "EXT 2023"]
[Source "ChessBase"]
[SourceDate "2022.10.05"]
[SourceVersion "1"]
[SourceVersionDate "2022.10.05"]
[SourceQuality "1"]

1. e4 c5 2. Nf3 Nc6 3. d4 cxd4 4. c3 dxc3 5. Nxc3 e6 6. Bc4 Nf6 7. Qe2 d6 8. 0-0 Be7 9. Rd1 e5 10. h3 0-0 11. Be3 a6 12. Rac1 Qe8 13. a3 b5 14. Bd5 Bb7 15. Nh4 Nxd5 16. exd5 Nd4 17. Bxd4 Bxh4 18. Bb6 f5 19. Na2 Bg5 20. Rc7 Rf7 21. Rc2 Rc8 22. Nb4 Rxc2 23. Qxc2 e4 24. Qe2 Qc8 25. Qh5 Bf4 26. Bd4 Qc4 27. Qh4 Qe2 28. Rf1 Qd2 29. Bc3 Bg5 30. Bxd2 Bxh4 31. Bf4 Bf6 32. Bxd6 Rd7 33. Bc5 Bxb2 34. Nc6 Bxc6 35. dxc6 Rc7 36. Rd1 Rxc6 0-1